|
|
|
|
| LEADER |
01764cas a2200241 a 4500 |
| 001 |
AALejournalIMF006933 |
| 008 |
230101c9999 xx r poo 0 0eng d |
| 020 |
|
|
|c 5.00 USD
|
| 020 |
|
|
|z 9781455212873
|
| 022 |
|
|
|a 1934-7685
|
| 040 |
|
|
|a BD-DhAAL
|c BD-DhAAL
|
| 110 |
2 |
|
|a International Monetary Fund.
|
| 245 |
1 |
0 |
|a Denmark :
|b 2010 Article IV Consultation-Staff Report; Informational Annex; Public Information Notice on the Executive Board Discussion; and Statement by the Executive Director for Denmark.
|
| 264 |
|
1 |
|a Washington, D.C. :
|b International Monetary Fund,
|c 2010.
|
| 300 |
|
|
|a 1 online resource (68 pages)
|
| 490 |
1 |
|
|a IMF Staff Country Reports
|
| 500 |
|
|
|a <strong>Off-Campus Access:</strong> No User ID or Password Required
|
| 500 |
|
|
|a <strong>On-Campus Access:</strong> No User ID or Password Required
|
| 506 |
|
|
|a Electronic access restricted to authorized BRAC University faculty, staff and students
|
| 520 |
3 |
|
|a Denmark's flexicurity model has performed well during the crisis. The actions and the improvement in economic conditions have restored overall stability to the banking system. Private consumption has been dented by the decline in housing prices and net household wealth. Exports have rebounded, led by a reversal in the services account. Labor market policies should refocus on labor supply pressures. Additional action should be taken to further bolster financial sector stability. Policies need to focus on putting growth on a steady and sustainable path while reducing vulnerabilities.
|
| 538 |
|
|
|a Mode of access: Internet
|
| 830 |
|
0 |
|a IMF Staff Country Reports; Country Report ;
|v No. 2010/365
|
| 856 |
4 |
0 |
|z Full text available on IMF
|u http://elibrary.imf.org/view/journals/002/2010/365/002.2010.issue-365-en.xml
|z IMF e-Library
|